00322nam a2200097Ia 4500008004100000082001500041100002000056245007300076260006700149300000800216161229s9999 xx 000 0 und d a658 ALL/PR aAllio, Robert J a Practical strategist: business and corporate strategy for the 1990s bAn Imprint of Harpercollins Publishers India aNew Delhic1988 a212